000 00832nam a2200265Ia 4500
003 OSt
005 20220916110927.0
006 a|||||r|||| 00| 0
007 ta
008 220915b |||||||| |||| 00| 0 eng d
020 _a9780521683135 (pbk)
024 _a772
037 _b8268, 28/01/2009, Elite Publishers Distributors
037 _cTextbook
040 _beng
_aARTS
_cARTS
041 _aeng
082 _aV73:19(zT).P1, P6
100 _aSmith Derek D.
245 0 _aDeterning America: Rogue states and the proliferation of weapons of mass destruction
260 _aCambridge
_bCambridge University Press
300 _ax,197p.
_ccm.
650 _aHistory
942 _hV73:19(zT).P1, P6
_cTB
_2CC
999 _c101568
_d101568